Salina
| Main Author: | |
|---|---|
| Format: | Book |
| Published: |
Kuala Lumpur :
DBP ,
1991
|
MARC
| LEADER | 00000cam a2200000 7i4500 | ||
|---|---|---|---|
| 001 | 0000007351 | ||
| 002 | 000007905 | ||
| 005 | 20011129.0 | ||
| 020 | |a 983621898X | ||
| 090 | 0 | 0 | |a F |b ABD |
| 100 | 0 | |a Abdul Samad Said | |
| 245 | 1 | 0 | |a Salina |c Abdul Samad Said |
| 260 | |a Kuala Lumpur : |b DBP , |c 1991 | ||
| 300 | |a 531p. ; |c 18cm. | ||
| 999 | |a 055279 |b BUKU |c FICTION |e PERPUSTAKAAN KOMUNITI CAW KOTA DAMANSARA | ||